000 00310nam a2200121Ia 4500
008 180222s9999||||xx |||||||||||||| ||und||
020 _cNT
_320
_a978-986-213-710-9
100 _a李芳齡
245 0 _c李芳齡
_aTED TALKS 說話的力量
250 _a初版
260 _c2016.07
_a台北市
300 _c cm.
_a p.
942 _2ccl
_cBOOK
999 _c6049
_d6049